História da civilização

Gespeichert in:
Bibliographische Detailangaben
1. Verfasser: Joaquim Silva Professor no liceu nacional rio branco e no colégio madre cabrini
Format: Buch
Sprache:Portugiesisch
Erschienen: São Paulo Companhia editora nacional 1936
Ausgabe:15ª ed.
Katalog:MANES:  Suchergebnis im Bibliothekskatalog
Schulbuchspezifische Eigenschaften:
Tags: Tag hinzufügen
Keine Tags, Fügen Sie den ersten Tag hinzu!
Hinzugefügt zu:15.05.2025
Geändert in:16.05.2025

MARC

LEADER 00000nam a22000007a 4500
005 20250516153154.0
008 250516b |||||||| |||| 00| 0 por d
040 |a centro_manes  |c Ponta_Grossa 
100 |a Joaquim Silva  |9 46053  |c Professor no liceu nacional rio branco e no colégio madre cabrini 
245 |a História da civilização 
250 |a 15ª ed. 
260 |a São Paulo  |b Companhia editora nacional  |c 1936 
300 |a 249 p.  |c 20 x 14 cm. 
500 |a O livro possui ilustrações em preto e branco, mapas, atividades, indice e está divido em 53 capítulos. 
546 |a Brasil 
561 |a Brasil. Universidade Estadual de Ponta Grossa  |5 br-UEPG  |k MANES 
690 0 |a HI 
691 0 |a SE 
942 |2 ddc  |c BK 
999 |c 104749  |d 104749 
999 |c manes:104749  |d 104749